Provinces of Papua New Guinea by Flag - Statistics

General Stats
  • This quiz has been taken 3 times
  • The average score is 5 of 22
Answer Stats
Picture Answer % Correct
Bougainville
100%
New Ireland
100%
East Sepik
50%
Gulf
50%
National Capital District
50%
Sandaun
50%
Western
50%
Central
0%
Chimbu
0%
Eastern Highlands
0%
East New Britain
0%
Enga
0%
Hela
0%
Jiwaka
0%
Madang
0%
Manus
0%
Milne Bay
0%
Morobe
0%
Oro
0%
Southern Highlands
0%
Western Highlands
0%
West New Britain
0%
No matching quizzes found
Score Distribution
Percent of People with Each Score
Percentile by Number Answered
Your Score History
You have not taken this quiz